| 000 | 00328nam a22001217a 4500 | ||
|---|---|---|---|
| 003 | OSt | ||
| 082 |
_aIGC/PR _b1992 |
||
| 245 |
_aPre conference Proceedings: _babstracts of contributory papers v.1 |
||
| 260 |
_aNew Delhi _bvth International Goat conference _c1992 |
||
| 300 | _axlvii,547p. | ||
| 546 | _aEnglish | ||
| 942 |
_2ddc _cREP |
||
| 999 |
_c161219 _d161219 |
||